Imiona w nazwach państw - Statystyki

Ogólne statystyki
  • Ten quiz został rozwiązany 433 razy
    372 od ostatniego zresetowania
  • Średni wynik to 6 z 21
Statystyki odpowiedzi
Państwo Imię % Poprawnych
Filipiny Filip
94%
Polska Ola | Pola
87%
Jamajka Maja
58%
Ukraina Ania
47%
Wenezuela Ewa | Ela
35%
Estonia Sonia
34%
Irlandia Adrian | Nadia
31%
Holandia Alan | Nadia
31%
Tajlandia Anita | Nadia | Alan
31%
Finlandia Nadia | Alan
31%
Afganistan Anna
19%
Francja Jan
18%
Kamerun Marek
17%
Nigeria Inga | Iga
14%
Portugalia Piotr
10%
Kambodża Adam
5%
Argentyna Aneta
3%
Madagaskar Dagmara
3%
Norwegia Igor
3%
Stany Zjednoczone Zenon
2%
Korea Południowa Konrad
0%
Nie znaleziono quizów pasujących do podanych kryteriów
Rozkład punktacji
Procent ludzi z każdym wynikiem
Percentyl według liczby udzielonych odpowiedzi
Twoja historia wyników
Nie rozwiązałeś tego quizu od ostatniego zresetowania